000 00319nam a2200133 i 4500
001 bg
100 1 _aPONOMAREV, K. K.
245 0 _aSostavlenie differencialnych uravnenij /
_cK.K. Ponomarev.
260 _aMinsk,
_c1973.
040 _cBPK
041 _apol
942 _cKS
008 s pl f |000 0 pol
999 _c15565
_d15565
856 _uhttp://koha.tu.koszalin.pl/cgi-bin/koha/opac-detail.pl?biblionumber=15565
_yKatalog online BPK